000 00370 a2200157 4500
001 153999
040 _cEscola São Tomás de Aquino
100 _aHUNTER, James C
240 1 0 _aComo se tornar um líder servidor
_lpor
245 1 0 _aComo se tornar um líder servidor
300 _a136
362 0 _a2006
440 1 _aSextante
697 _aEducação
942 _cBK
999 _c153999
_d153999